10 największych miast na ukrainie - Statystyki

Ogólne statystyki
  • Ten quiz został rozwiązany 113 razy
  • Średni wynik to 6 z 10
Statystyki odpowiedzi
populacja miasta % Poprawnych
2 967 360 kijów
100%
724 314 lwów
92%
1 443 207 charków
91%
1 018 669 odessa
77%
908 456 donieck
73%
990 724 dniepr
47%
731 922 zaporoże
36%
619 278 Krzywy Róg
32%
480 080 mikołajów
31%
449 138 sewastopol
30%
Nie znaleziono quizów pasujących do podanych kryteriów
Rozkład punktacji
Procent ludzi z każdym wynikiem
Percentyl według liczby udzielonych odpowiedzi
Twoja historia wyników
Nie rozwiązałeś tego quizu